Theory of Coloration of Textiles (Record no. 3966)
[ view plain ]
| 000 -LEADER | |
|---|---|
| fixed length control field | 00339nam a2200145Ia 4500 |
| 008 - FIXED-LENGTH DATA ELEMENTS--GENERAL INFORMATION | |
| fixed length control field | 191201s1995 xx 000 0 und d |
| 082 ## - DEWEY DECIMAL CLASSIFICATION NUMBER | |
| Classification number | 746.13 |
| Item number | JHT |
| 100 ## - MAIN ENTRY--PERSONAL NAME | |
| Personal name | JOHNSON, Alan |
| 245 #0 - TITLE STATEMENT | |
| Title | Theory of Coloration of Textiles |
| 250 ## - EDITION STATEMENT | |
| Edition statement | Rep. |
| 260 ## - PUBLICATION, DISTRIBUTION, ETC. (IMPRINT) | |
| Place of publication, distribution, etc | Londan |
| Name of publisher, distributor, etc | SDC |
| Date of publication, distribution, etc | 1995 |
| 300 ## - PHYSICAL DESCRIPTION | |
| Extent | 552 |
| 650 ## - SUBJECT ADDED ENTRY--TOPICAL TERM | |
| Topical term or geographic name as entry element | B.Tech(TE) |
| 942 ## - ADDED ENTRY ELEMENTS (KOHA) | |
| Source of classification or shelving scheme | Dewey Decimal Classification |
| Koha item type | Text Books |
| Withdrawn status | Lost status | Source of classification or shelving scheme | Damaged status | Not for loan | Collection code | Home library | Current library | Date acquired | Source of acquisition | Cost, normal purchase price | Bill Number | Total Checkouts | Full call number | Acc. no. / Barcode | Date last seen | Bill Date | Koha item type |
|---|---|---|---|---|---|---|---|---|---|---|---|---|---|---|---|---|---|
| Dewey Decimal Classification | B.Tech(TE) | PIET C-LIBRARY | PIET C-LIBRARY | 20/07/2009 | Indian International Text Book | 3674.00 | 1260 | 746.13 JHT | 12380 | 04/12/2019 | 14/07/2009 | Text Books | |||||
| Dewey Decimal Classification | B.Tech(TE) | PIET C-LIBRARY | PIET C-LIBRARY | 20/07/2009 | Indian International Text Book | 3674.00 | 1260 | 746.13 JHT | 12381 | 04/12/2019 | 14/07/2009 | Text Books | |||||
| Dewey Decimal Classification | B.Tech(TE) | PIET C-LIBRARY | PIET C-LIBRARY | 20/07/2009 | Indian International Text Book | 3674.00 | 1260 | 746.13 JHT | 12382 | 04/12/2019 | 14/07/2009 | Text Books | |||||
| Dewey Decimal Classification | B.Tech(TE) | PIET C-LIBRARY | PIET C-LIBRARY | 20/07/2009 | Indian International Text Book | 3674.00 | 1260 | 746.13 JHT | 12383 | 04/12/2019 | 14/07/2009 | Text Books | |||||
| Dewey Decimal Classification | B.Tech(TE) | PIET C-LIBRARY | PIET C-LIBRARY | 20/07/2009 | Indian International Text Book | 3674.00 | 1260 | 746.13 JHT | 12384 | 04/12/2019 | 14/07/2009 | Text Books |